European Capitals of Culture on a Map - Statistics

General Stats
  • This quiz has been taken 163 times
  • The average score is 39 of 62
Answers on the Map
Answers color-coded by a green-red scale on the quiz's map according to % correct below.
 
Answer Stats
Year Answer % Correct
1989 Paris
96%
1992 Madrid
95%
2000 Helsinki
94%
1991 Dublin
93%
1994 Lisbon
93%
1998 Stockholm
93%
1988 Berlin
92%
1985 Athens
90%
1996 Copenhagen
90%
1990 Glasgow
90%
2014 Riga
89%
1987 Amsterdam
88%
2000 Brussels
87%
2011 Tallinn
87%
2000 Prague
86%
2000 Reykjavik
86%
2010 Istanbul
85%
2009 Vilnius
85%
2008 Liverpool
84%
2013 Marseille
84%
2001 Porto
84%
2005 Cork
83%
1995 Luxembourg City
81%
2007 Luxembourg City
81%
2018 Valletta
81%
1986 Florence
80%
2001 Rotterdam
80%
1993 Antwerp
78%
2000 Kraków
77%
2000 Bergen
75%
2004 Genoa
75%
1997 Thessaloniki
75%
2017 Aarhus
63%
2002 Bruges
62%
2000 Bologna
60%
2004 Lille
60%
2020 Galway
56%
2003 Graz
54%
2011 Turku
49%
2016 Wrocław
49%
2019 Plovdiv
46%
2013 Košice
45%
2009 Linz
45%
2008 Stavanger
41%
2012 Maribor
40%
2016 San Sebastián
40%
2000 Santiago de Compostela
40%
2000 Avignon
39%
2010 Essen
38%
2015 Plzeň
38%
2020 Rijeka
35%
2006 Patras
34%
2014 Umeå
31%
2015 Mons
29%
2017 Paphos
29%
2002 Salamanca
29%
2010 Pécs
24%
2018 Leeuwarden
20%
2019 Matera
19%
2007 Sibiu
18%
1999 Weimar
16%
2012 Guimarães
14%
No matching quizzes found
Score Distribution
Percent of People with Each Score
Percentile by Number Answered
Your Score History
You have not taken this quiz